000
00330pab a2200145 454500
008
180718b1989 xxu||||| |||| 00| 0 eng d
100
_a
Mukhopadhyay, Alok
245
_a
Redefining Health Care
260
_c
1989
300
_a
26-8
362
_a
Mar.
650
_a
Health Services - India
773
_a
Seminar
909
_a
10084
999
_c
10084
_d
10084